Normal view
MARC view
Entry Personal Name
001 - CONTROL NUMBER
- control field: 409
003 - CONTROL NUMBER IDENTIFIER
- control field: ARRUPE
005 - DATE AND TIME OF LATEST TRANSACTION
- control field: 20130917170328.0
008 - FIXED-LENGTH DATA ELEMENTS
- fixed length control field: 130917|| aca||aabn | a|a d
040 ## - CATALOGING SOURCE
- Original cataloging agency: ARRUPE
- Transcribing agency: ARRUPE
100 ## - HEADING--PERSONAL NAME
- Personal name: Nollan, Valerie Z.
670 ## - SOURCE DATA FOUND
- Source citation: Work cat.: (ARRUPE)0: Solovyov, Vladimir Sergeyevich, 1853-1900. 407, The philosophical principles of integral knowledge /, 2008.